|
|
|
|
| LEADER |
00000cam a2200000 7i4500 |
| 001 |
0000090419 |
| 005 |
20230125102828.0 |
| 008 |
221115 |
| 020 |
|
|
|a 9789672633105
|
| 041 |
|
|
|a Malay
|
| 090 |
0 |
0 |
|a 910.4
|b ZUL
|
| 100 |
0 |
|
|a Zuliana Zakaria ,
|d 1981-
|
| 245 |
1 |
0 |
|a Melaka ke Mekah dengan kapcai :
|b aku sekadar membonceng
|c Zuliana Zakaria
|
| 260 |
|
|
|a Melaka :
|b Musafir Ventures ,
|c 2021
|
| 300 |
|
|
|a 758 p. :
|b ill., col. ;
|c 21 cm.
|
| 541 |
|
|
|c Purchased on 2022
|f 00643 NAQ
|h RM89.00
|
| 650 |
|
0 |
|a Travel writing
|x Anecdotes
|
| 650 |
|
0 |
|a Travelers' writing
|z Malaysia
|
| 700 |
0 |
|
|a Mohd. Suhaidy Alias ,
|d 1978-
|
| 730 |
0 |
|
|a Judul
|
| 999 |
|
|
|a 0001696794
|b Book
|c Adult Collection
|e Perbadanan Perpustakaan Awam Johor
|